| 000 | 00997cam a2200325 a 4500 | ||
|---|---|---|---|
| 001 | 4489091 | ||
| 005 | 20150427172809.0 | ||
| 008 | 881027s1988 mnu b s001 0 eng | ||
| 010 | _a88004782 | ||
| 020 | _a0816616582 : | ||
| 020 | _a0816616590 (pbk.) : | ||
| 035 | _a(OCoLC)17649546 | ||
| 035 | _a(OCoLC)ocm17649546 | ||
| 035 | _a(NNC)4489091 | ||
| 050 | 0 |
_aHM24 _b.A73 1988 |
|
| 090 |
_aHM24 _b.A73 1988 |
||
| 100 | 1 |
_aAronowitz, Stanley. _917562 |
|
| 245 | 1 | 0 |
_aScience as power : _bdiscourse and ideology in modern society / _cStanley Aronowitz. |
| 260 |
_aMinneapolis : _bUniversity of Minnesota Press, _cc1988. |
||
| 300 |
_axii, 384 p. ; _c23 cm. |
||
| 500 | _aIncludes index. | ||
| 504 | _aBibliography: p. 355-374. | ||
| 650 | 0 |
_aSociology _xPhilosophy. _913582 |
|
| 650 | 0 |
_aIdeology. _99080 |
|
| 650 | 0 |
_aScience _xPhilosophy. _917563 |
|
| 650 | 0 |
_aScience _xSocial aspects. _99989 |
|
| 650 | 0 |
_aDiscourse analysis. _916007 |
|
| 942 |
_2lcc _cMONOGRAPH |
||
| 999 |
_c122772 _d122772 |
||